Normal view
MARC view
- HALL EFFECT, MAGNETIC DEVICES, DETECTORS.SENSORS
Entry Topical Term
001 - CONTROL NUMBER
- control field: 61226
003 - CONTROL NUMBER IDENTIFIER
- control field: NUST
005 - DATE AND TIME OF LATEST TRANSACTION
- control field: 20210628202721.0
008 - FIXED-LENGTH DATA ELEMENTS
- fixed length control field: 210628|| aca||aabn | a|a d
040 ## - CATALOGING SOURCE
- Original cataloging agency: NUST
- Transcribing agency: NUST
150 ## - HEADING--TOPICAL TERM
- Topical term or geographic name entry element: HALL EFFECT, MAGNETIC DEVICES, DETECTORS.SENSORS
670 ## - SOURCE DATA FOUND
- Source citation: Work cat.: (NUST): Ramsden, Edward 61225, Hall effect sensors theory and applications, 2006
